000 00340nam a2200145Ia 4500
008 151213s9999 xx 000 0 und d
100 _aEvelyn Waugh
245 _aVile Bodies
_cEvelyn Waugh
260 _aU.K.
_bPenguing Boods
_c1930
300 _a4556 p.
650 _aEnglish
650 _aNovel
700 _aEvelyn Waugh
999 _c2930
_d2930